| Tag |
First Indicator |
Second Indicator |
Subfields |
| LEADER |
00000cam a2200000 4500 |
| 001 |
in00001891421 |
| 006 |
m | d | |
| 007 |
cr |n||||||||n |
| 008 |
810629s1784 ie |||| s 00||||eng d |
| 005 |
20260403174520.6 |
| 035 |
|
|
|a (CStRLIN)ESTCT125367
|
| 040 |
|
|
|a Uk-ES
|c Uk-ES
|d CStRLIN
|d Thomson Gale
|d UtOrBLW
|
| 100 |
1 |
|
|a Raynal,
|c abbé
|q (Guillaume-Thomas-François),
|d 1713-1796.
|
| 240 |
1 |
0 |
|a Histoire philosophique et politique des établissemens.
|l English
|
| 245 |
1 |
2 |
|a A philosophical and political history of the settlements and trade of the Europeans in the East and West Indies. Revised, augmented, and published, in ten volumes, by the Abbé Raynal. Newly translated from the French, by J. O. Justamond, ... with ... engravings ... In six volumes.
|
| 264 |
|
3 |
|a Dublin :
|b printed for John Exshaw, and Luke White,
|c 1784.
|
| 300 |
|
|
|a 6 volumes,plates :
|b maps ;
|c 8⁰.
|
| 336 |
|
|
|a text
|b txt
|2 rdacontent
|
| 337 |
|
|
|a computer
|b c
|2 rdamedia
|
| 338 |
|
|
|a online resource
|b cr
|2 rdacarrier
|
| 500 |
|
|
|a Reproduction of original from the British Library.
|
| 510 |
4 |
|
|a English Short Title Catalog,
|c ESTCT125367.
|
| 533 |
|
|
|a Electronic reproduction.
|b Farmington Hills, Mich. :
|c Thomson Gale,
|d 2003.
|n Available via the World Wide Web.
|n Access limited by licensing agreements
|7 s2003 miunns
|
| 500 |
|
|
|a Electronic resource.
|
| 830 |
|
0 |
|a Eighteenth century collections online.
|
| 856 |
4 |
0 |
|u http://proxy.library.tamu.edu/login?url=https://galenet.galegroup.com/servlet/ECCO?c=1&stp=Author&ste=11&af=BN&ae=T125367&tiPG=1&dd=0&dc=flc&docNum=CW100859956&vrsn=1.0&srchtp=a&d4=0.33&n=10&SU=0LRH&locID=txshracd2898
|z Full text online
|t 0
|
| 999 |
|
|
|a MARS
|
| 999 |
f |
f |
|s 77c21b12-f1ac-3244-9f01-b0d017dbef05
|i d3d42a77-e738-3668-b23f-c473f219a682
|t 0
|
| 952 |
f |
f |
|a Texas A&M University
|b College Station
|c Electronic Resources
|s www_evans
|d Available Online
|t 0
|h No information provided
|
| 998 |
f |
f |
|t 0
|l Available Online
|